[Event "SVK-ch U2400"]
[Site "Liptovsky Jan"]
[Date "2025.06.15"]
[Round "7"]
[White "Hudak, Michal"]
[Black "Kluska, Lukas"]
[Result "1-0"]
[WhiteElo "1882"]
[BlackElo "1564"]
[PlyCount "145"]
[EventDate "2025.06.12"]
[EventType "swiss"]
[EventRounds "8"]
[EventCountry "SVK"]
[SourceTitle "CB25_2025"]
[SourceDate "2025.06.18"]
[SourceVersion "1"]
[SourceVersionDate "2025.06.18"]
[SourceQuality "1"]

1. d4 d5 2. Nf3 g6 3. g3 Bg7 4. Bg2 c6 5. 0-0 Nd7 6. Nbd2 Ngf6 7. c3 Nb6 8. Nh4 Bg4 9. h3 Be6 10. Qc2 Qd7 11. Kh2 h5 12. f4 Nc8 13. Ndf3 Ne4 14. Ng5 Nxg5 15. fxg5 Nd6 16. Nxg6 Bf5 17. Rxf5 Nxf5 18. Nxh8 Bxh8 19. e4 dxe4 20. Bxe4 Nd6 21. g6 fxg6 22. Bxg6+ Kd8 23. Bxh5 e5 24. Bg5+ Kc7 25. dxe5 Bxe5 26. Re1 Bxg3+ 27. Kxg3 Nf5+ 28. Kg2 Rg8 29. Qc1 Nh4+ 30. Kh2 Qd5 31. Qf4+ Kb6 32. Qb4+ Kc7 33. Qf4+ Kb6 34. Qxh4 Rxg5 35. Qb4+ Ka6 36. Qa4+ Kb6 37. Qb4+ Ka6 38. Qa4+ Kb6 39. Qd4+ Qxd4 40. cxd4 Rxh5 41. Re5 Rh4 42. d5 Rd4 43. Re2 Rxd5 44. h4 Rd3 45. Kg1 Kc5 46. h5 Rh3 47. Rh2 Rg3+ 48. Kf2 Rg8 49. h6 Kd5 50. Kf3 Ke5 51. h7 Rh8 52. Kg4 Kf6 53. Kf4 a5 54. b3 b5 55. Ke4 Ke6 56. Kd4 Kd6 57. Rh6+ Kd7 58. Kc5 a4 59. bxa4 bxa4 60. a3 Kc7 61. Rxc6+ Kb7 62. Rh6 Ka7 63. Kb5 Kb7 64. Kxa4 Kb8 65. Kb5 Kb7 66. a4 Ka7 67. a5 Kb7 68. a6+ Kc7 69. Kc5 Kb8 70. Kb6 Ka8 71. Rh5 Kb8 72. a7+ Ka8 73. Rg5 1-0

[Event "SVK-ch U2400"]
[Site "Liptovsky Jan"]
[Date "2025.06.15"]
[Round "8"]
[White "Miciak, Emanuel"]
[Black "Hudak, Michal"]
[Result "1/2-1/2"]
[WhiteElo "1791"]
[BlackElo "1882"]
[PlyCount "81"]
[EventDate "2025.06.12"]
[EventType "swiss"]
[EventRounds "8"]
[EventCountry "SVK"]
[SourceTitle "CB25_2025"]
[SourceDate "2025.06.18"]
[SourceVersion "1"]
[SourceVersionDate "2025.06.18"]
[SourceQuality "1"]

1. d4 d5 2. Bf4 Nf6 3. e3 e6 4. Nf3 Bd6 5. c3 0-0 6. Bd3 Qe7 7. 0-0 Nbd7 8. Bxd6 Qxd6 9. Nbd2 e5 10. dxe5 Nxe5 11. Nxe5 Qxe5 12. Nf3 Qh5 13. Nd4 Bg4 14. Be2 Bxe2 15. Qxe2 Qxe2 16. Nxe2 Rfe8 17. Rfd1 Rad8 18. Kf1 h6 19. Ng3 Ng4 20. h3 Nf6 21. Rd4 Ne4 22. Nxe4 Rxe4 23. Rad1 Rxd4 24. Rxd4 Rd6 25. Ke2 Kf8 26. Rb4 b6 27. Ra4 a5 28. e4 dxe4 29. Rxe4 f6 30. a4 Kf7 31. Rc4 c6 32. Re4 Re6 33. Kd3 Rxe4 34. Kxe4 Ke6 35. b4 c5 36. bxc5 bxc5 37. g4 g6 38. c4 f5+ 39. gxf5+ gxf5+ 40. Ke3 Ke5 41. f4+ 1/2-1/2

[Event "SVK-ch U2400"]
[Site "Liptovsky Jan"]
[Date "2025.06.12"]
[Round "2"]
[White "Panko, Radoslav"]
[Black "Hudak, Michal"]
[Result "1-0"]
[WhiteElo "2049"]
[BlackElo "1882"]
[PlyCount "37"]
[EventDate "2025.06.12"]
[EventType "swiss"]
[EventRounds "8"]
[EventCountry "SVK"]
[SourceTitle "CB25_2025"]
[SourceDate "2025.06.18"]
[SourceVersion "1"]
[SourceVersionDate "2025.06.18"]
[SourceQuality "1"]

1. e4 e6 2. b3 d5 3. Bb2 Nf6 4. e5 Nfd7 5. f4 Be7 6. Qg4 g6 7. Nf3 f5 8. Qg3 b6 9. h4 Rg8 10. d4 c5 11. c3 Nc6 12. a3 Bb7 13. Nbd2 a6 14. Bd3 h6 15. Qh3 Kf7 16. h5 g5 17. Bxf5 exf5 18. Qxf5+ Bf6 19. exf6 1-0

[Event "SVK-ch U16"]
[Site "Tatralandia"]
[Date "2025.05.18"]
[Round "9"]
[White "Hudak, Michal"]
[Black "Janoska, Peter"]
[Result "1-0"]
[WhiteElo "1860"]
[BlackElo "1850"]
[PlyCount "65"]
[EventDate "2025.05.11"]
[EventType "swiss"]
[EventRounds "9"]
[EventCountry "SVK"]
[SourceTitle "CB21_2025"]
[SourceDate "2025.05.21"]
[SourceVersion "1"]
[SourceVersionDate "2025.05.21"]
[SourceQuality "1"]

1. d4 e6 2. e3 Nf6 3. Bd3 d5 4. Nf3 Bd6 5. 0-0 0-0 6. Nbd2 Nbd7 7. e4 dxe4 8. Nxe4 Nxe4 9. Bxe4 Nf6 10. Bd3 c5 11. dxc5 Bxc5 12. Bg5 h6 13. Bh4 b6 14. Qe2 Bb7 15. Rad1 Qe7 16. Rd2 Rfd8 17. Rfd1 a6 18. Ne5 Rd5 19. c4 Rd4 20. Bh7+ Kxh7 21. Rxd4 Bxd4 22. Rxd4 g5 23. Bg3 Rd8 24. Rxd8 Qxd8 25. Nxf7 Qe7 26. Nd6 Bc6 27. h3 Bd7 28. Qd3+ Kg7 29. Be5 Bc6 30. Qd4 b5 31. cxb5 axb5 32. Qc5 Be8 33. Nf5+ 1-0

[Event "SVK-ch U16"]
[Site "Tatralandia"]
[Date "2025.05.17"]
[Round "8"]
[White "Hudak, Michal"]
[Black "Bebko, Alex"]
[Result "1-0"]
[WhiteElo "1860"]
[BlackElo "1735"]
[PlyCount "45"]
[EventDate "2025.05.11"]
[EventType "swiss"]
[EventRounds "9"]
[EventCountry "SVK"]
[SourceTitle "CB21_2025"]
[SourceDate "2025.05.21"]
[SourceVersion "1"]
[SourceVersionDate "2025.05.21"]
[SourceQuality "1"]

1. d4 Nf6 2. Nf3 e6 3. e3 b6 4. Bd3 Bb7 5. Nbd2 Be7 6. 0-0 0-0 7. e4 d5 8. e5 Nfd7 9. Ne1 c5 10. c3 Nc6 11. a3 c4 12. Bc2 f6 13. f4 fxe5 14. fxe5 Rxf1+ 15. Nxf1 Qe8 16. Ng3 Qf7 17. Qg4 Ndxe5 18. dxe5 Bc5+ 19. Kh1 Qf2 20. Bxh7+ Kh8 21. Nf3 Nxe5 22. Qh5 Nxf3 23. Bf5+ 1-0

[Event "SVK-ch U16"]
[Site "Tatralandia"]
[Date "2025.05.16"]
[Round "7"]
[White "Jura, Michal"]
[Black "Hudak, Michal"]
[Result "1-0"]
[WhiteElo "1946"]
[BlackElo "1860"]
[PlyCount "47"]
[EventDate "2025.05.11"]
[EventType "swiss"]
[EventRounds "9"]
[EventCountry "SVK"]
[SourceTitle "CB21_2025"]
[SourceDate "2025.05.21"]
[SourceVersion "1"]
[SourceVersionDate "2025.05.21"]
[SourceQuality "1"]

1. e4 e6 2. Nf3 d5 3. exd5 exd5 4. d4 Bd6 5. c4 Nf6 6. Nc3 c6 7. Be2 0-0 8. 0-0 Nbd7 9. Bg5 h6 10. Bh4 dxc4 11. Bxc4 Nb6 12. Bb3 Bg4 13. h3 Bh5 14. Qd3 Be7 15. Bxf6 Bxf6 16. g4 Bxg4 17. hxg4 Qd7 18. Qf5 Qxf5 19. gxf5 Rad8 20. Rad1 Rfe8 21. Rd2 Nd5 22. Nxd5 cxd5 23. Rc2 Re7 24. Rfc1 1-0

[Event "SVK-ch U16"]
[Site "Tatralandia"]
[Date "2025.05.14"]
[Round "5"]
[White "Ondreicka, Roman"]
[Black "Hudak, Michal"]
[Result "1-0"]
[WhiteElo "1917"]
[BlackElo "1860"]
[PlyCount "73"]
[EventDate "2025.05.11"]
[EventType "swiss"]
[EventRounds "9"]
[EventCountry "SVK"]
[SourceTitle "CB21_2025"]
[SourceDate "2025.05.21"]
[SourceVersion "1"]
[SourceVersionDate "2025.05.21"]
[SourceQuality "1"]

1. e4 e6 2. d3 d5 3. Nd2 Nf6 4. g3 dxe4 5. dxe4 Bc5 6. Bg2 e5 7. Ngf3 Nc6 8. 0-0 0-0 9. Qe2 Qe7 10. Nb3 Bb6 11. h3 h6 12. Be3 Bxe3 13. Qxe3 Nb4 14. Rfc1 Be6 15. a3 Nc6 16. Nh4 Bxb3 17. Qxb3 Nd4 18. Nf5 Nxf5 19. exf5 c6 20. Re1 Rfe8 21. Re2 Rad8 22. Rae1 a6 23. Qc3 e4 24. Qc4 Qe5 25. Qb4 Rd7 26. Bxe4 Rd4 27. f4 Rxb4 28. fxe5 Rxe4 29. Rxe4 Nxe4 30. Rxe4 f6 31. e6 Kh7 32. Rd4 g6 33. Rd7+ Kg8 34. g4 gxf5 35. gxf5 b6 36. Kf2 Kf8 37. Rf7+ 1-0

[Event "SVK-ch U16"]
[Site "Tatralandia"]
[Date "2025.05.13"]
[Round "4"]
[White "Hudak, Michal"]
[Black "Sykora, Miro"]
[Result "1-0"]
[WhiteElo "1860"]
[BlackElo "1494"]
[PlyCount "91"]
[EventDate "2025.05.11"]
[EventType "swiss"]
[EventRounds "9"]
[EventCountry "SVK"]
[SourceTitle "CB21_2025"]
[SourceDate "2025.05.21"]
[SourceVersion "1"]
[SourceVersionDate "2025.05.21"]
[SourceQuality "1"]

1. d4 d5 2. Nf3 Nf6 3. e3 Bf5 4. Bd3 Bxd3 5. Qxd3 e6 6. Qb5+ Nbd7 7. Qxb7 Bd6 8. Qa6 0-0 9. 0-0 Qe7 10. Nbd2 Ne4 11. c4 Nxd2 12. Bxd2 dxc4 13. Qxc4 Nb6 14. Qe2 Rfc8 15. e4 e5 16. dxe5 Bxe5 17. Nxe5 Qxe5 18. Bc3 Qe6 19. b3 Re8 20. f3 f5 21. Rfe1 Nd5 22. Qc4 Nxc3 23. Qxc3 Qb6+ 24. Qe3 Qxe3+ 25. Rxe3 Rad8 26. Rc1 fxe4 27. Rxe4 Rxe4 28. fxe4 Rd2 29. a3 Ra2 30. a4 Rb2 31. Rc3 Re2 32. Rc4 Re3 33. b4 Kf8 34. Kf2 Ra3 35. a5 Rb3 36. e5 Rb2+ 37. Kf3 Rb3+ 38. Kg4 Rb2 39. Kh3 Re2 40. Rc5 Re4 41. b5 Ra4 42. a6 Rb4 43. Rxc7 Rxb5 44. Rxa7 Rxe5 45. Rb7 Re8 46. a7 1-0

[Event "SVK-ch U16"]
[Site "Tatralandia"]
[Date "2025.05.13"]
[Round "3"]
[White "Tonhajzer, Matus"]
[Black "Hudak, Michal"]
[Result "0-1"]
[WhiteElo "1605"]
[BlackElo "1860"]
[PlyCount "64"]
[EventDate "2025.05.11"]
[EventType "swiss"]
[EventRounds "9"]
[EventCountry "SVK"]
[SourceTitle "CB21_2025"]
[SourceDate "2025.05.21"]
[SourceVersion "1"]
[SourceVersionDate "2025.05.21"]
[SourceQuality "1"]

1. d4 e6 2. c4 f5 3. Nf3 d5 4. Nc3 c6 5. Bf4 Bd6 6. Bxd6 Qxd6 7. e3 Nf6 8. Be2 Nbd7 9. cxd5 exd5 10. Qc2 Ne4 11. Nd2 Qe7 12. Rb1 a5 13. a3 0-0 14. b4 axb4 15. axb4 Ndf6 16. 0-0 f4 17. Ncxe4 Nxe4 18. Nxe4 Bf5 19. Bd3 dxe4 20. Bc4+ Kh8 21. Qc3 f3 22. g3 Qg5 23. Rfd1 Qh5 24. d5 Rf6 25. d6 Rh6 26. h4 Qg4 27. Bf1 Rxh4 28. d7 Rd8 29. Qe5 Be6 30. Rd6 Rh6 31. Rbd1 Kg8 32. Bc4 Rh1+ 0-1

[Event "SVK-ch U16 rapid"]
[Site "Poprad"]
[Date "2025.05.03"]
[Round "7"]
[White "Karaba, Rudolf1"]
[Black "Hudak, Michal"]
[Result "1-0"]
[WhiteElo "1909"]
[BlackElo "1623"]
[PlyCount "121"]
[EventDate "2025.05.03"]
[EventType "swiss (rapid)"]
[EventRounds "7"]
[EventCountry "SVK"]
[SourceTitle "CB19_2025"]
[SourceDate "2025.05.07"]
[SourceVersion "1"]
[SourceVersionDate "2025.05.07"]
[SourceQuality "1"]

1. c4 e5 2. Nc3 Nf6 3. e4 Be7 4. d3 0-0 5. g3 Nc6 6. Bg2 Bc5 7. Be3 Nd4 8. Nge2 Nxe2 9. Qxe2 Qe7 10. 0-0 Bxe3 11. Qxe3 d6 12. Nd5 Nxd5 13. exd5 Re8 14. Rae1 Bf5 15. h3 Qd7 16. g4 Bg6 17. f3 f5 18. Kh2 f4 19. Qd2 Qa4 20. b3 Qa3 21. h4 h6 22. Rf2 Qc5 23. Rd1 Qd4 24. h5 Bh7 25. Qb2 Qxb2 26. Rxb2 a5 27. Bf1 b6 28. Kg1 a4 29. b4 Rec8 30. b5 Kf7 31. d4 Re8 32. dxe5 Rxe5 33. Rd4 g5 34. hxg6+ Kxg6 35. Bd3+ Kg7 36. Bxh7 Kxh7 37. Rxf4 Kg7 38. Kf2 Rae8 39. Rd4 Rg5 40. Rdd2 Rf8 41. Kg3 h5 42. Rf2 Kg6 43. Rbe2 Kf6 44. Re6+ Kf7 45. Rfe2 hxg4 46. fxg4 Rfg8 47. Re7+ Kf8 48. Re8+ Kf7 49. R2e7+ Kf6 50. Rxg8 Rxg8 51. Rxc7 Re8 52. Kf4 Re2 53. Rd7 Rf2+ 54. Ke3 Rxa2 55. Rxd6+ Ke7 56. Rxb6 a3 57. Ra6 Ra1 58. Kd4 a2 59. Kc5 Kd7 60. Ra7+ Kc8 61. Kb6 1-0